000
00310nam a2200121 a 4500
005
20140414131849.0
008
100727s19uu xx 00 eng d
050
_a
M 323.4
_b
K58 1997
100
_a
King, Martin Luther
245
_a
I have a dream.
260
_a
New York :
_b
Scholastic,
_c
1997.
999
_c
110084
_d
110084